000 00317nam a2200133Ia 4500
005 20251222144748.0
008 251222s9999||||xx |||||||||||||| ||spa||
020 _a84-7133-733-9
082 _a371.2/C25
100 _aCano, Elena
245 0 _aOrganización, Calidad y Diversidad
264 _bMuralla
942 _cLIB
999 _c19242
_d19242